Soccer Stadiums with the Most Capacity in Europe - Statistics

General Stats
  • This quiz has been taken 73 times
  • The average score is 7 of 15
Answer Stats
Stadium Country Home Team Capacity % Correct
1 Camp Nou Spain FC Barcelona 99,354
95%
2 Wembley Stadium England ENG National Team 90,000
89%
6 San Siro Italy AC Milan / Inter 80,074
79%
14 Allianz Arena Germany Bayern Munich 69,901
76%
8 Old Trafford England Manchester United 75,957
74%
5 Signal Iduna Park Germany Borussia Dortmund 81,264
52%
4 Stade de France France FRA National Team 81,338
48%
3 Estadio Santiago Bernabéu Spain Real Madrid 85,454
31%
12 Stadio Olimpico Italy AS Roma / SS Lazio 72,698
31%
13 Olympic Stadium Greece AEK Athens /Panathinaikos 71,030
29%
10 Millennium Stadium Wales (WAL National Team) 74,500
19%
7 Luzhniki Stadium Russia Spartak Moscow / CSKA Moscow 78,360
15%
11 Olympiastadion Berlin Germany Hertha BSC 74,228
13%
9 Atatürk Olimpiyat Stadı Turkey (TUR National Team) 75,480
3%
15 Olimpiysky National Sports Complex Ukraine FC Dynamo Kyiv 69,004
3%
No matching quizzes found
Score Distribution
Percent of People with Each Score
Percentile by Number Answered
Your Score History
You have not taken this quiz